| 000 | 00882nam a2200229Ia 4500 | ||
|---|---|---|---|
| 001 | 12200 | ||
| 003 | GE_BSU | ||
| 008 | 181216s||||||||xx |||||||||||||| ||und|| | ||
| 020 | _a9785912590344 | ||
| 040 | _cGE_BSU | ||
| 100 | _aМусихина,Т.А.; Нифонов,Ю.А. | ||
| 245 | _aПромышленная экология и региональное природопользование | ||
| 245 | _bНормативно-правовые основы деятельности. Справочник | ||
| 260 | _aСПБ | ||
| 260 | _bНПО "Профессионал | ||
| 260 | _c2009 | ||
| 300 | _a380стр.27см. | ||
| 541 | _h147Л. | ||
| 653 | _aНормативно-правовые основы деятельности | ||
| 653 | _aПромышленная экология и региональное природопользование | ||
| 942 | _cBK | ||
| 999 |
_c45376 _d45376 |
||